| 000 | 00492nam a22001937a 4500 | ||
|---|---|---|---|
| 999 |
_c1227 _d1227 |
||
| 003 | OSt | ||
| 005 | 20200115144533.0 | ||
| 008 | 200115b ||||| |||| 00| 0 eng d | ||
| 040 |
_beng _cIMU KC |
||
| 082 |
_a621.3 _bM642 |
||
| 100 |
_9812 _aMileaf, Harry _eeditor |
||
| 245 |
_aBasic electronics _cedited by Harry Mileaf |
||
| 250 | _a1st ed. | ||
| 260 |
_aBombay _bD. B. Taraporevala & Sons _c1974 |
||
| 300 | _a137 p. | ||
| 440 | _vVol. VII | ||
| 650 | 0 |
_927 _aElectronics |
|
| 942 |
_2ddc _cBK |
||